000 00377nam a22001457a 4500
020 _a81-223-0684-5
082 _a070
_bROY/B
100 _aROY, BARUN
245 _aBEGINNERS' GUIDE TO JOURNALISM
260 _aDELHI
_bPUSTAK MAHAL
_c2004
300 _a152
520 _aACQUIRE BETTER UNDERSTANDING OF COMMUNICATION PROCESS
650 _aMASS COMMUNICATION
_zINDIA
942 _cBK
999 _c5362
_d5362